000 01615nam a2200481 i 4500
001 45118
003 KOSZ 005
005 20250301062926.0
008 020814s2002 pl |000 0 pol
015 _aUWD 2002/13550
020 _a8388839551
035 _a991019146869705066
035 _a(PL-WaBN)b15186593-48omnis_nlop
035 _ab15186593
035 _a(OCoLC)749374298
035 _azz2002941222
035 _a(PL)b0000001518659
035 _a(EXLNZ-48OMNIS_NETWORK)9910009601305606
040 _aWA N
_cWA N
_dKOSZ 005/HR
041 0 _apol
046 _k2002
080 _a37.016:81
100 1 _aŁuczak, Aleksandra
_c(anglista)
_eAutor
245 1 0 _aZanim wybierzesz podręcznik :
_bmetody oceniania materiałów do nauki języków /
_cAleksandra Łuczak-Łomża i Ewelina Metera-Debaene.
260 _aWarszawa :
_b"Fraszka Edukacyjna",
_c2002.
300 _a37, [3] s. ;
_c29 cm.
336 _aTekst
_btxt
_2rdacontent
337 _aBez urządzenia pośredniczącego
_bn
_2rdamedia
338 _aWolumin
_bnc
_2rdacarrier
380 _aKsiążki
388 _a2001-
504 _aBibliogr.
650 7 _aNauczanie języków obcych
_2DBN
655 7 _aPodręczniki szkolne
_2DBN
655 7 _aPoradnik
_2DBN
658 _aEdukacja i pedagogika
658 _aJęzykoznawstwo
700 1 _aMetera-Debaene, Ewelina
_eAutor
710 2 _aWydawnictwo Fraszka Edukacyjna
856 _uhttp://koha.tu.koszalin.pl/cgi-bin/koha/opac-detail.pl?biblionumber=45118
_yKatalog online BPK
942 _2UKD
_cKS
999 _c45118
_d45118